International encyclopedia of political science

Other Authors: Badie, Bertrand, Berg-Schlosser, Dirk, Morlino, Leonardo
Subjects:
Online Access: http://library.unisel.edu.my/web/guest/mylibrary
LEADER 00782cam a2200217 7i4500
001 0000054831
005 20260306090000.0
020 |a 9781412959636 (electronic book ; volume 1)  
090 0 0 |a JA61   |b .B33 2011 
245 0 0 |a International encyclopedia of political science   |c editors, Bertrand Badie, Dirk Berg-Schlosser, Leonardo Morlino. 
300 |a 1 online resource (2767 pages):   |b text file, PDF. 
336 |a text  |2 rdacontent 
337 |a computer  |2 rdamedia 
338 |a online resource  |2 rdacarrier 
650 0 |a Political science  
655 0 |a Electronic books 
700 1 |a Badie, Bertrand  
700 1 |a Berg-Schlosser, Dirk  
700 1 |a Morlino, Leonardo  
856 4 2 |u http://library.unisel.edu.my/web/guest/mylibrary 
999 |a EBO0001331  |b EBOOK  |c EBOOK  |e Electronic resources